000 00231 a2200097 4500
001 12519
100 _aMorris Driels
245 _aWeaponeering: Conventonal Weapon System Effectiveness
260 _a
_bAIAA
_c
090 _c9524
_d9524
942 _aNUST-CAE
_cM
_c36405
999 _c247592
_d247592